000 005230000a22001930004500
001 002350
003 MACL
005 20160128114301.0
008 150929b xxu||||| |||| 00| 0 eng d
040 _aMACL
_cMACL
041 _aEnglish
082 _a934/CHA
100 _aChandra, Satiesh
_912709
245 _aMedieval India
_bFrom Sultanat to the Mughals Mughal Empire (1526-1768)
_cSatiesh Chandra
260 _aNew Delhi
_c2005
_bHar Anand,
350 _a595
650 _aArchitecture
_9259
942 _k934/CHA
_cBK
_2ddc
999 _c14262
_d14262